000 00332nam a2200145Ia 4500
008 230718s9999 xx 000 0 und d
041 _aEng.
082 _a390
_bGOR-J
100 _aGordom Q.C. Richard
245 0 _aJadivial Review
260 _aPakistan
_bSweet and Mawell
_c1996
300 _a305
650 _aLaw
999 _c28612
_d28612